|
|
|
|
| LEADER |
00000nab a2200000uu 4500 |
| 001 |
vtls011480433 |
| 003 |
SK-MaSNL |
| 005 |
20260304175419.0 |
| 008 |
230222|2002 xo |||||||||||||||||pol| |
| 015 |
|
|
|a SNBRB
|
| 035 |
|
|
|a (urnnbn)urn:nbn:sk:snk:ar-0057vk
|
| 035 |
|
|
|a (uuid)34364ec7-6e3e-41b5-8e4a-dcdb44f592a6
|
| 035 |
|
|
|a urn:nbn:sk:snk-abd7zi
|
| 040 |
|
|
|a SNKBUCL
|b slo
|c SNKBUCL
|e AACR2
|
| 041 |
0 |
|
|a pol
|
| 044 |
|
|
|a xo
|c SK
|
| 100 |
1 |
|
|a Binczyk, F.
|4 aut
|9 801009
|
| 245 |
1 |
0 |
|a ANALIZA CZYNNIKÓW TECHNOLOGICZNYCH KSZTAŁTUJĄCYCH GEOMETRIĘ WARSTWY UTWARDZONEJ WALCÓW DWUWARSTWOWYCH
|c F. Binczyk, J. Sitko
|
| 246 |
3 |
|
|a ANALYSIS OF TECHNOLOGICAL FACTORS FORMING GEOMETRY OF HARD LAYER OF THE SLEEVED ROLLS
|
| 700 |
1 |
|
|a Sitko, J
|4 aut
|9 258677
|
| 773 |
0 |
|
|t Acta Metallurgica Slovaca : časopis Hutníckej fakulty Technickej univerzity Košice
|g Roč. 8, č. 2 (2/2) (2002), s. 404-408
|
| 958 |
|
|
|a OND
|
| 958 |
|
|
|a EUIPO
|
| 958 |
|
|
|a article18
|
| 999 |
|
|
|c 3013371
|d 3015301
|